Normal view MARC view

Entry Topical Term

Number of records used in: 1

001 - CONTROL NUMBER

  • control field: 26246

003 - CONTROL NUMBER IDENTIFIER

  • control field: OSt

005 - DATE AND TIME OF LATEST TRANSACTION

  • control field: 20210803112130.0

008 - FIXED-LENGTH DATA ELEMENTS

  • fixed length control field: 210803|| aca||aabn | a|a d

040 ## - CATALOGING SOURCE

  • Original cataloging agency: OSt
  • Transcribing agency: OSt

150 ## - HEADING--TOPICAL TERM

  • Topical term or geographic name entry element: Mortgage loans, Wealth

670 ## - SOURCE DATA FOUND

  • Source citation: Work cat.: (OSt)517264: Ganong, Peter and Noel, Pascal 26245, Liquidity versus wealth in household debt obligations: Evidence from housing policy in the great recession

Powered by Koha